000 00800nam a2200301Ia 4500
003 OSt
005 20221006142644.0
006 a|||||r|||| 00| 0
007 ta
008 221006b |||||||| |||| 00| 0 eng d
020 _c1009.00
024 _a6,855
037 _cTextual
040 _aEASL
_cEASL
_beng
041 _2eng
_aeng
082 _aY:1.4295.N60, N6
100 _aMARSH Robert M
245 0 _aGreat transformation
_b Social change in Taipei, Taiwan since the 1960s
260 _aLondon
_bM.E. Sharpe
_c1996
300 _a409p.
_ccm.
490 _v CEL
650 _a CEL
650 _a Social change
650 _a Social conditions
_9255135
650 _aCEL
942 _hY:1.4295.N60, N6
_cTEXL
_2CC
999 _c1074941
_d1074941